000 00438nam a2200181Ia 4500
001 10573
005 20260306161842.0
008 260306t2005||||xx |||||||||||||| ||spa||
041 _aESP
082 _a940.5
_bS29
100 _aSchama, Simon
_eAUT
245 0 _aAuge y caída del imperio británico, 1776-2000
260 _c2005
300 _a550 páginas :
_c24 cm.
650 _aGEN
654 _aCHU
942 _cLIB
_dJUS
_fJUS
_2ddc
_n
999 _c10573
_d10573